|
|
|
|
| LEADER |
01137nam a22003137a 4500 |
| 001 |
38852 |
| 003 |
BD-DhAAL |
| 005 |
20220607152343.0 |
| 008 |
220607t1975 ilua b 001 0 eng d |
| 999 |
|
|
|c 44346
|d 44346
|
| 010 |
|
|
|a 74011616
|
| 020 |
|
|
|a 0226078205
|
| 040 |
|
|
|a DLC
|c DLC
|d DLC
|d BD-DhAAL
|
| 050 |
0 |
0 |
|a JC336
|b .B83
|
| 082 |
0 |
0 |
|a 321.07
|
| 100 |
1 |
|
|a Buchanan, James M.
|9 49071
|
| 245 |
1 |
4 |
|a The limits of liberty :
|b between anarchy and Leviathan /
|c James M. Buchanan.
|
| 260 |
|
|
|a Chicago :
|b University of Chicago Press,
|c c1975.
|
| 300 |
|
|
|a xi, 210 pages :
|b illustrations ;
|c 24 cm.
|
| 350 |
|
|
|a $9.95
|
| 504 |
|
|
|a Includes bibliographical references (pages 197-203).
|
| 541 |
|
|
|a Donated By Akbar Ali Khan
|e 38852
|
| 650 |
|
0 |
|a Social contract.
|9 49072
|
| 650 |
|
0 |
|a Liberty.
|9 49073
|
| 650 |
|
0 |
|a State, The.
|9 49074
|
| 650 |
|
0 |
|a Social sciences.
|9 49075
|
| 852 |
|
|
|a Ayesha Abed Library
|c Akbar Ali Khan Collection
|
| 942 |
|
|
|2 ddc
|c BK
|
| 952 |
|
|
|0 0
|1 0
|2 ddc
|4 0
|6 321_070000000000000_BUC
|7 1
|9 70841
|a BRACUL
|b BRACUL
|c AAKC
|d 2022-06-07
|e Donated by Akbar Ali Khan
|l 0
|o 321.07 BUC
|p 3010038852
|r 2022-06-07
|t 1
|w 2022-06-07
|y BK
|